Be a winner : (Record no. 101412)

MARC details
000 -LEADER
fixed length control field 00576nam a22001817a 4500
005 - DATE AND TIME OF LATEST TRANSACTION
control field 20160721132708.0
010 ## - LCCN (DPL NO)
LC control number ENG-115482
020 ## - INTERNATIONAL STANDARD BOOK NUMBER
International Standard Book Number 9789381384428
Terms of availability 150.00
035 ## - SYSTEM CONTROL NUMBER
System control number EN-99014
037 ## - SOURCE OF ACQUISITION
Source of stock number/acquisition DBAD/PUB
082 ## - DEWEY DECIMAL CLASSIFICATION NUMBER
Classification number 158.1
100 ## - MAIN ENTRY--PERSONAL NAME
Personal name Sharma O.P.
245 ## - TITLE STATEMENT
Title Be a winner :
Remainder of title moral boosting tips for a confident and successful personality /
Statement of responsibility, etc Rajendar Menen
260 ## - PUBLICATION, DISTRIBUTION, ETC. (IMPRINT)
Place of publication, distribution, etc New Delhi
Name of publisher, distributor, etc V & S Publishers
Date of publication, distribution, etc 2015
270 ## - ADDRESS
Address F-2/16,Ansari Road,Daryaganj
City New Delhi
Postal code 110002
300 ## - PHYSICAL DESCRIPTION
Extent 134p. :
Dimensions 21cm(pbk)
Other physical details ill
942 ## - ADDED ENTRY ELEMENTS (KOHA)
Source of classification or shelving scheme Dewey Decimal Classification
Item type English Books
Classification part 158.1
Call number suffix SHA
Holdings
Withdrawn status Lost status Not for loan Collection code Home library Current library Date acquired Source of acquisition Cost, normal purchase price Full call number Barcode Copy number Cost, replacement price Koha item type
      Non-fiction Shahdara Branch Shahdara Branch 21/07/2016 1 150.00 158.1 SHA EN-99014 1 150.00 English Books

© Delhi Public Library
Hit Counter
free hit counter